[Event "Quebec-ch qual."]
[Site "Gatineau CAN"]
[Date "2009.03.10"]
[Round "1"]
[White "Cossette, Daniel"]
[Black "Menard, Marc"]
[Result "1-0"]
[WhiteElo "2018"]
[BlackElo "1542"]
[PlyCount "47"]
[GameId "2160767910239789"]
[EventDate "2009.03.10"]
[EventType "swiss"]
[EventRounds "5"]
[EventCountry "CAN"]
[SourceTitle "EXT 2010"]
[Source "ChessBase"]
[SourceDate "2009.11.30"]
[SourceVersion "1"]
[SourceVersionDate "2009.11.30"]
[SourceQuality "1"]

1. e4 e5 2. Nf3 Nc6 3. d4 exd4 4. c3 Nf6 5. e5 Qe7 6. cxd4 d6 7. Bb5 a6 8. Bxc6+ bxc6 9. O-O Nd5 10. Bg5 Qd7 11. Re1 Be7 12. Bxe7 Nxe7 13. Qe2 d5 14. Nc3 O-O 15. Na4 Rb8 16. Nc5 Qd8 17. e6 Qe8 18. exf7+ Rxf7 19. Ng5 Bf5 20. Nxf7 Kxf7 21. g4 Bc8 22. Rac1 a5 23. Rc3 Bd7 24. Re3 1-0

[Event "Quebec-ch qual."]
[Site "Gatineau CAN"]
[Date "2009.03.10"]
[Round "1"]
[White "Desjardins, Michel"]
[Black "Pilon, Robert"]
[Result "1-0"]
[WhiteElo "1998"]
[BlackElo "1462"]
[PlyCount "45"]
[GameId "2160767910239790"]
[EventDate "2009.03.10"]
[EventType "swiss"]
[EventRounds "5"]
[EventCountry "CAN"]
[SourceTitle "EXT 2010"]
[Source "ChessBase"]
[SourceDate "2009.11.30"]
[SourceVersion "1"]
[SourceVersionDate "2009.11.30"]
[SourceQuality "1"]

1. e4 Nc6 2. Nc3 d6 3. g3 Nf6 4. Bg2 Bg4 5. f3 Bh5 6. Nge2 e5 7. d3 h6 8. Be3 Be7 9. Qd2 d5 10. exd5 Nxd5 11. Nxd5 Qxd5 12. O-O Qe6 13. f4 exf4 14. Nxf4 Qf5 15. Bxc6+ bxc6 16. Qc3 c5 17. Nxh5 Qxh5 18. Qxg7 O-O-O 19. Qxf7 Qe5 20. Qf5+ Qxf5 21. Rxf5 Bd6 22. Bxc5 Rhf8 23. Raf1 1-0

[Event "Quebec-ch qual."]
[Site "Gatineau CAN"]
[Date "2009.03.10"]
[Round "1"]
[White "Groleau, Gilles"]
[Black "Rainey, Ivan"]
[Result "1-0"]
[WhiteElo "1907"]
[BlackElo "1403"]
[PlyCount "61"]
[GameId "2160767910239792"]
[EventDate "2009.03.10"]
[EventType "swiss"]
[EventRounds "5"]
[EventCountry "CAN"]
[SourceTitle "EXT 2010"]
[Source "ChessBase"]
[SourceDate "2009.11.30"]
[SourceVersion "1"]
[SourceVersionDate "2009.11.30"]
[SourceQuality "1"]

1. e4 c6 2. d4 d5 3. exd5 cxd5 4. Bd3 Nc6 5. c3 Nf6 6. Bf4 e6 7. Nd2 Bd6 8. Bxd6 Qxd6 9. Ngf3 O-O 10. O-O Re8 11. Re1 e5 12. dxe5 Nxe5 13. Rxe5 Rxe5 14. Nc4 Re1+ 15. Nxe1 Qf4 16. Ne3 d4 17. cxd4 Bd7 18. Qf3 Qxd4 19. Qxb7 Re8 20. Rd1 Rxe3 21. fxe3 Qxe3+ 22. Kh1 g6 23. Qf3 Qe5 24. Qa8+ Kg7 25. Qxa7 Qxb2 26. Bc2 Be6 27. Qd4 Qb5 28. Nd3 Bxa2 29. Rf1 Qc6 30. Nb4 Qe6 31. Nxa2 1-0

[Event "Quebec-ch qual."]
[Site "Gatineau CAN"]
[Date "2009.03.10"]
[Round "1"]
[White "Guimond, Michel"]
[Black "Arsenault, Yves"]
[Result "1-0"]
[WhiteElo "1899"]
[BlackElo "1386"]
[PlyCount "37"]
[GameId "2160767910239793"]
[EventDate "2009.03.10"]
[EventType "swiss"]
[EventRounds "5"]
[EventCountry "CAN"]
[SourceTitle "EXT 2010"]
[Source "ChessBase"]
[SourceDate "2009.11.30"]
[SourceVersion "1"]
[SourceVersionDate "2009.11.30"]
[SourceQuality "1"]

1. e4 e5 2. Bc4 Nf6 3. d4 d5 4. dxe5 dxc4 5. Qxd8+ Kxd8 6. exf6 gxf6 7. Bf4 Nc6 8. Nc3 Bd7 9. O-O-O Rc8 10. Nf3 Rg8 11. Nd5 Bg7 12. Rd2 Nb8 13. e5 fxe5 14. Nxe5 Bxe5 15. Bxe5 Rxg2 16. Re1 Ke8 17. Bd6+ Kd8 18. Be7+ Ke8 19. Nf6# 1-0

[Event "Quebec-ch qual."]
[Site "Gatineau CAN"]
[Date "2009.03.10"]
[Round "1"]
[White "Lacourse, Guy"]
[Black "Tuxanidy Torres, Aleksandr"]
[Result "0-1"]
[WhiteElo "1606"]
[BlackElo "2221"]
[PlyCount "106"]
[GameId "2160767910239794"]
[EventDate "2009.03.10"]
[EventType "swiss"]
[EventRounds "5"]
[EventCountry "CAN"]
[SourceTitle "EXT 2010"]
[Source "ChessBase"]
[SourceDate "2009.11.30"]
[SourceVersion "1"]
[SourceVersionDate "2009.11.30"]
[SourceQuality "1"]

1. d4 Nf6 2. Nf3 e6 3. Bg5 Be7 4. c4 d5 5. e3 O-O 6. Nc3 Nbd7 7. Rc1 a6 8. a3 Re8 9. Bd3 dxc4 10. Bxc4 b5 11. Be2 c5 12. dxc5 Nxc5 13. Qxd8 Rxd8 14. O-O Bb7 15. b4 Ncd7 16. Rfd1 Rac8 17. Nd4 h6 18. Bh4 Nb6 19. Bf3 Bxf3 20. gxf3 Nc4 21. Nb1 g5 22. Bg3 Nd5 23. e4 Ndb6 24. Ne2 f5 25. Rxd8+ Bxd8 26. exf5 exf5 27. f4 Bf6 28. Rc2 Rd8 29. Nec3 Rd3 30. fxg5 hxg5 31. Bc7 Nd5 32. Nxd5 Rxd5 33. Nc3 Rd3 34. Ne2 Rxa3 35. Ng3 f4 36. Ne4 Be7 37. Kg2 Kg7 38. Nd2 Nxd2 39. Be5+ Kg6 40. Rxd2 Bxb4 41. Rd5 Be1 42. Rd6+ Kf5 43. Bb2 Ra2 44. Rd5+ Kg6 45. Rd6+ Kh5 46. Bf6 Rxf2+ 47. Kg1 f3 48. Rxa6 Rg2+ 49. Kh1 Bf2 50. Ra1 Kg4 51. Be5 Kh3 52. Rb1 Be3 53. Rf1 f2 0-1

[Event "Quebec-ch qual."]
[Site "Gatineau CAN"]
[Date "2009.03.10"]
[Round "1"]
[White "Laurin, Jacques"]
[Black "Levesque, Andre"]
[Result "1-0"]
[WhiteElo "1826"]
[BlackElo "1263"]
[PlyCount "41"]
[GameId "2160767910239795"]
[EventDate "2009.03.10"]
[EventType "swiss"]
[EventRounds "5"]
[EventCountry "CAN"]
[SourceTitle "EXT 2010"]
[Source "ChessBase"]
[SourceDate "2009.11.30"]
[SourceVersion "1"]
[SourceVersionDate "2009.11.30"]
[SourceQuality "1"]

1. c4 f5 2. g3 e6 3. Bg2 Nf6 4. Nc3 Be7 5. e4 fxe4 6. Nxe4 Nxe4 7. Bxe4 O-O 8. Nh3 d6 9. Nf4 c6 10. Qh5 h6 11. Qg6 Rf6 12. Qh7+ Kf7 13. Bg6+ Rxg6 14. Qxg6+ Kg8 15. Nxe6 Bxe6 16. Qxe6+ Kh8 17. O-O Nd7 18. d4 c5 19. Be3 cxd4 20. Bxd4 Nc5 21. Qxh6+ 1-0

[Event "Quebec-ch qual."]
[Site "Gatineau CAN"]
[Date "2009.03.10"]
[Round "1"]
[White "MacIsaac, Alexandre"]
[Black "Carrier, Claude"]
[Result "0-1"]
[WhiteElo "1452"]
[BlackElo "1938"]
[PlyCount "54"]
[GameId "2160767910239797"]
[EventDate "2009.03.10"]
[EventType "swiss"]
[EventRounds "5"]
[EventCountry "CAN"]
[SourceTitle "EXT 2010"]
[Source "ChessBase"]
[SourceDate "2009.11.30"]
[SourceVersion "1"]
[SourceVersionDate "2009.11.30"]
[SourceQuality "1"]

1. e4 c5 2. Nf3 e6 3. d4 cxd4 4. Nxd4 Nf6 5. Nc3 d6 6. Be3 a6 7. Bc4 b5 8. Bb3 b4 9. Na4 Nxe4 10. f3 Nc5 11. Qd2 Nxb3 12. cxb3 d5 13. Rc1 Bd7 14. Nc5 e5 15. Nxd7 Qxd7 16. Nf5 d4 17. Qc2 dxe3 18. Rd1 Qc6 19. Qd3 Nd7 20. O-O g6 21. Rc1 Nc5 22. Qxe3 f6 23. Ng3 Qb5 24. Ne4 Nxe4 25. Qxe4 Rd8 26. Rc6 Bc5+ 27. Kh1 Qxf1# 0-1

[Event "Quebec-ch qual."]
[Site "Gatineau CAN"]
[Date "2009.03.11"]
[Round "1"]
[White "Labelle, Raymond"]
[Black "Danilov, Alex"]
[Result "0-1"]
[WhiteElo "1359"]
[BlackElo "1903"]
[PlyCount "44"]
[GameId "2160767910239798"]
[EventDate "2009.03.10"]
[EventType "swiss"]
[EventRounds "5"]
[EventCountry "CAN"]
[SourceTitle "EXT 2010"]
[Source "ChessBase"]
[SourceDate "2009.11.30"]
[SourceVersion "1"]
[SourceVersionDate "2009.11.30"]
[SourceQuality "1"]

1. e4 c5 2. Nf3 Nc6 3. d4 cxd4 4. Nxd4 g6 5. Nxc6 bxc6 6. Be3 Nf6 7. Nc3 Bg7 8. Bc4 O-O 9. O-O d6 10. Qe2 d5 11. Rad1 e6 12. Bg5 Qa5 13. e5 Nd7 14. Bb3 Ba6 15. Qe3 Bxf1 16. Kxf1 Nxe5 17. Be7 Rfe8 18. Bd6 Ng4 19. Qg3 Nf6 20. Ba4 Nh5 21. Qe3 Bxc3 22. Bxc6 Qa6+ 0-1

[Event "Quebec-ch qual."]
[Site "Gatineau CAN"]
[Date "2009.03.17"]
[Round "2"]
[White "Beland, Guy"]
[Black "Baril Boudreau, Felix"]
[Result "0-1"]
[WhiteElo "1319"]
[BlackElo "1508"]
[PlyCount "42"]
[GameId "2160767910239801"]
[EventDate "2009.03.10"]
[EventType "swiss"]
[EventRounds "5"]
[EventCountry "CAN"]
[SourceTitle "EXT 2010"]
[Source "ChessBase"]
[SourceDate "2009.11.30"]
[SourceVersion "1"]
[SourceVersionDate "2009.11.30"]
[SourceQuality "1"]

1. e4 Nf6 2. e5 Nd5 3. c4 Nb6 4. Nf3 d6 5. Nc3 Nc6 6. Be2 dxe5 7. c5 Nd5 8. O-O e6 9. d4 exd4 10. Nxd4 Bxc5 11. Bb5 Bd7 12. Nxd5 Nxd4 13. Nc3 Nxb5 14. Re1 Qf6 15. Ne4 Qd4 16. Qc2 Bb4 17. Be3 Qe5 18. f4 Qf5 19. Red1 Bc6 20. Rd4 Nxd4 21. Bxd4 Qxe4 0-1

[Event "Quebec-ch qual."]
[Site "Gatineau CAN"]
[Date "2009.03.17"]
[Round "2"]
[White "Brousseau, Yvan"]
[Black "Laurin, Jacques"]
[Result "1-0"]
[WhiteElo "1998"]
[BlackElo "1826"]
[PlyCount "49"]
[GameId "2160767910239802"]
[EventDate "2009.03.10"]
[EventType "swiss"]
[EventRounds "5"]
[EventCountry "CAN"]
[SourceTitle "EXT 2010"]
[Source "ChessBase"]
[SourceDate "2009.11.30"]
[SourceVersion "1"]
[SourceVersionDate "2009.11.30"]
[SourceQuality "1"]

1. d4 Nf6 2. c4 e6 3. Nc3 Bb4 4. Qc2 Nc6 5. Nf3 d5 6. e3 Bd7 7. a3 Bxc3+ 8. bxc3 Na5 9. Ne5 dxc4 10. Nxc4 Nxc4 11. Bxc4 Bc6 12. O-O b5 13. Bd3 Qd6 14. f3 a6 15. e4 e5 16. Bb2 Nd7 17. d5 Nc5 18. Be2 Bd7 19. Bc1 Qg6 20. Be3 Na4 21. c4 Nb6 22. Qc3 f6 23. cxb5 Na4 24. Qb4 Bh3 25. Rf2 1-0

[Event "Quebec-ch qual."]
[Site "Gatineau CAN"]
[Date "2009.03.17"]
[Round "2"]
[White "Carrier, Claude"]
[Black "Beriault, Silvain"]
[Result "1-0"]
[WhiteElo "1938"]
[BlackElo "1694"]
[PlyCount "57"]
[GameId "2160767910239803"]
[EventDate "2009.03.10"]
[EventType "swiss"]
[EventRounds "5"]
[EventCountry "CAN"]
[SourceTitle "EXT 2010"]
[Source "ChessBase"]
[SourceDate "2009.11.30"]
[SourceVersion "1"]
[SourceVersionDate "2009.11.30"]
[SourceQuality "1"]

1. e4 c5 2. Nf3 e6 3. d4 cxd4 4. Nxd4 Nf6 5. Nc3 Bb4 6. Bd3 a6 7. Bd2 Nc6 8. Nxc6 bxc6 9. e5 Nd5 10. Qg4 g6 11. O-O Be7 12. Ne4 O-O 13. c4 f5 14. exf6 Nxf6 15. Nxf6+ Bxf6 16. Bh6 Bg7 17. Bxg7 Kxg7 18. Qd4+ Kg8 19. f4 Qc7 20. c5 a5 21. f5 gxf5 22. Rf3 e5 23. Qc4+ Kh8 24. Rxf5 Rg8 25. Qf7 Rg7 26. Qf8+ Rg8 27. Qf6+ Rg7 28. Rg5 d6 29. Qf8+ 1-0

[Event "Quebec-ch qual."]
[Site "Gatineau CAN"]
[Date "2009.03.17"]
[Round "2"]
[White "Danilov, Alex"]
[Black "Lavergne, Daniel"]
[Result "1-0"]
[WhiteElo "1905"]
[BlackElo "1614"]
[PlyCount "33"]
[GameId "2160767910239804"]
[EventDate "2009.03.10"]
[EventType "swiss"]
[EventRounds "5"]
[EventCountry "CAN"]
[SourceTitle "EXT 2010"]
[Source "ChessBase"]
[SourceDate "2009.11.30"]
[SourceVersion "1"]
[SourceVersionDate "2009.11.30"]
[SourceQuality "1"]

1. c4 e5 2. g3 d5 3. cxd5 Qxd5 4. Nf3 Nc6 5. Nc3 Qd8 6. Bg2 f6 7. O-O Be6 8. d3 Nge7 9. e3 Qd7 10. d4 O-O-O 11. Qa4 Nd5 12. dxe5 Nb6 13. Qf4 g5 14. Qxf6 Be7 15. Qh6 Rdg8 16. Rd1 Qe8 17. Qxe6+ 1-0

[Event "Quebec-ch qual."]
[Site "Gatineau CAN"]
[Date "2009.03.17"]
[Round "2"]
[White "Jani, Louis"]
[Black "Lacourse, Guy"]
[Result "0-1"]
[WhiteElo "1411"]
[BlackElo "1606"]
[PlyCount "164"]
[GameId "2160767910239806"]
[EventDate "2009.03.10"]
[EventType "swiss"]
[EventRounds "5"]
[EventCountry "CAN"]
[SourceTitle "EXT 2010"]
[Source "ChessBase"]
[SourceDate "2009.11.30"]
[SourceVersion "1"]
[SourceVersionDate "2009.11.30"]
[SourceQuality "1"]

1. f4 c5 2. Nf3 g6 3. e3 Bg7 4. Be2 d5 5. c3 Nf6 6. d4 cxd4 7. exd4 O-O 8. O-O Bf5 9. Nh4 Bxb1 10. Rxb1 a5 11. Nf3 e6 12. b3 Ne4 13. Qc2 Nc6 14. Ne5 Bxe5 15. fxe5 Rc8 16. Qd3 f6 17. Bh6 Rf7 18. exf6 Rxf6 19. Rxf6 Qxf6 20. Rf1 Qh4 21. Be3 Rf8 22. Rxf8+ Kxf8 23. g3 Qf6 24. Bh6+ Ke8 25. Be3 h5 26. Kg2 Nd6 27. Bf3 b5 28. Bf4 Kd7 29. Bxd6 Kxd6 30. Qxb5 Qf5 31. Qe2 Qf6 32. Qb5 Qf7 33. Qc5+ Kd7 34. c4 Qf6 35. cxd5 Nxd4 36. dxe6+ Nxe6 37. Qc6+ Ke7 38. Bd5 Qb2+ 39. Kf1 Qb1+ 40. Kg2 Qb2+ 41. Kh3 Ng5+ 42. Kh4 Qxh2+ 43. Kxg5 Qxg3+ 44. Kh6 Qf4+ 45. Kh7 g5 46. Qe6+ Kd8 47. Bc6 Qd2 48. Kh6 h4 49. Kh5 Kc7 50. Bd5 h3 51. Qc6+ Kd8 52. Qf6+ Kc7 53. Qe5+ Kd7 54. Be6+ Kc6 55. Bxh3 Qxa2 56. Be6 a4 57. b4 Qc2 58. Bd5+ Kd7 59. b5 a3 60. Be6+ Kd8 61. Qd6+ Ke8 62. Qxa3 Qh7+ 63. Kxg5 Qg7+ 64. Kf4 Qf6+ 65. Bf5 Qh4+ 66. Ke5 Qh8+ 67. Kd5 Qh1+ 68. Kc4 Qf1+ 69. Bd3 Qf7+ 70. Kc3 Qf6+ 71. Kb3 Qf7+ 72. Bc4 Qf3+ 73. Kb4 Qf8+ 74. Ka4 Qf2 75. Qb4 Kd7 76. b6 Qc2+ 77. Kb5 Qe4 78. Qc5 Qb1+ 79. Ka6 Qa1+ 80. Kb7 Ke8 81. Bd5 Qg7+ 82. Kc6 Qd7# 0-1

[Event "Quebec-ch qual."]
[Site "Gatineau CAN"]
[Date "2009.03.17"]
[Round "2"]
[White "Jiang, Qizhe"]
[Black "Gagnon, Fabien"]
[Result "0-1"]
[WhiteElo "1022"]
[BlackElo "1938"]
[PlyCount "36"]
[GameId "2160767910239807"]
[EventDate "2009.03.10"]
[EventType "swiss"]
[EventRounds "5"]
[EventCountry "CAN"]
[SourceTitle "EXT 2010"]
[Source "ChessBase"]
[SourceDate "2009.11.30"]
[SourceVersion "1"]
[SourceVersionDate "2009.11.30"]
[SourceQuality "1"]

1. e4 c5 2. Nf3 Nc6 3. Bc4 g6 4. O-O Bg7 5. Ng5 e6 6. d3 Nge7 7. Nc3 O-O 8. Be3 d5 9. exd5 exd5 10. Nxd5 Nxd5 11. Bxc5 Re8 12. Qc1 b6 13. Ba3 Nd4 14. Qd2 Re2 15. Qd1 Rxc2 16. Nf3 Bg4 17. h3 Bxf3 18. gxf3 Nf4 0-1

[Event "Quebec-ch qual."]
[Site "Gatineau CAN"]
[Date "2009.03.17"]
[Round "2"]
[White "Levesque, Andre"]
[Black "MacIsaac, Alexandre"]
[Result "0-1"]
[WhiteElo "1263"]
[BlackElo "1452"]
[PlyCount "126"]
[GameId "2160767910239808"]
[EventDate "2009.03.10"]
[EventType "swiss"]
[EventRounds "5"]
[EventCountry "CAN"]
[SourceTitle "EXT 2010"]
[Source "ChessBase"]
[SourceDate "2009.11.30"]
[SourceVersion "1"]
[SourceVersionDate "2009.11.30"]
[SourceQuality "1"]

1. e4 c5 2. Nc3 d6 3. f4 Nc6 4. Nf3 Bg4 5. Bb5 a6 6. Bc4 Bxf3 7. Qxf3 Nd4 8. Qd3 b5 9. Bb3 Qb6 10. Nd5 Qa7 11. c3 e6 12. cxd4 c4 13. Bxc4 bxc4 14. Qxc4 exd5 15. exd5 Qe7+ 16. Kf2 Qb7 17. d3 Rc8 18. Qa4+ Qb5 19. Qb3 Qxb3 20. axb3 Ra8 21. Ra5 Nf6 22. Re1+ Be7 23. h3 Ra7 24. b4 O-O 25. b5 Bd8 26. Rxa6 Rxa6 27. bxa6 Bb6 28. b4 Nxd5 29. Bd2 h6 30. Kf3 Ra8 31. Ke4 Nf6+ 32. Ke3 Rxa6 33. g4 Kf8 34. Rc1 Bd8 35. b5 Ra7 36. Rc6 Rb7 37. Rxd6 Be7 38. Ra6 Rxb5 39. Ra8+ Ne8 40. f5 Bg5+ 41. Ke4 Bxd2 42. d5 Rb4+ 43. d4 Rb6 44. Rc8 Ke7 45. Rc6 Rxc6 46. dxc6 Kd6 47. d5 Nf6+ 48. Kd4 Nxd5 49. Kd3 Bg5 50. Ke4 Kxc6 51. Ke5 f6+ 52. Ke6 Nf4+ 53. Kf7 Nxh3 54. Kxg7 Nf2 55. Kg6 Nxg4 56. Kh5 Ne3 57. Kg6 Nxf5 58. Kxf5 h5 59. Ke4 h4 60. Kf3 f5 61. Kg2 Bf4 62. Kh3 Bg3 63. Kg2 f4 0-1

[Event "Quebec-ch qual."]
[Site "Gatineau CAN"]
[Date "2009.03.17"]
[Round "2"]
[White "Libersan, Mattieu"]
[Black "Cossette, Daniel"]
[Result "1/2-1/2"]
[WhiteElo "1846"]
[BlackElo "2018"]
[PlyCount "98"]
[GameId "2160767910239809"]
[EventDate "2009.03.10"]
[EventType "swiss"]
[EventRounds "5"]
[EventCountry "CAN"]
[SourceTitle "EXT 2010"]
[Source "ChessBase"]
[SourceDate "2009.11.30"]
[SourceVersion "1"]
[SourceVersionDate "2009.11.30"]
[SourceQuality "1"]

1. e4 c5 2. d3 g6 3. g3 Bg7 4. Bg2 Nc6 5. Nf3 e6 6. O-O Nge7 7. Nbd2 d5 8. Re1 O-O 9. Nf1 b6 10. h4 dxe4 11. Rxe4 Bb7 12. N1h2 Nd4 13. Re1 Nxf3+ 14. Nxf3 Nf5 15. Qe2 Qd5 16. Qe4 Qxe4 17. dxe4 Nd4 18. Nxd4 cxd4 19. e5 Bxg2 20. Kxg2 Rfc8 21. Re2 Rc5 22. Bf4 Rd8 23. Rd1 Rdd5 24. Rde1 h6 25. Kf3 g5 26. hxg5 hxg5 27. Bxg5 Rxe5 28. Rxe5 Bxe5 29. Be7 Rd5 30. Ke4 f5+ 31. Kd3 Kf7 32. Ba3 Bf6 33. f4 Rd8 34. Rh1 Rd5 35. Re1 e5 36. fxe5 Rxe5 37. Rxe5 Bxe5 38. b3 Ke6 39. Kc4 b5+ 40. Kxb5 Bxg3 41. Kc4 Bf2 42. c3 dxc3 43. Kxc3 Ke5 44. Kd3 Kf4 45. Bd6+ Kf3 46. b4 f4 47. a4 a6 48. b5 axb5 49. axb5 Bb6 1/2-1/2

[Event "Quebec-ch qual."]
[Site "Gatineau CAN"]
[Date "2009.03.17"]
[Round "2"]
[White "Menard, Marc"]
[Black "Labelle, Raymond"]
[Result "0-1"]
[WhiteElo "1542"]
[BlackElo "1359"]
[PlyCount "94"]
[GameId "2160767910239810"]
[EventDate "2009.03.10"]
[EventType "swiss"]
[EventRounds "5"]
[EventCountry "CAN"]
[SourceTitle "EXT 2010"]
[Source "ChessBase"]
[SourceDate "2009.11.30"]
[SourceVersion "1"]
[SourceVersionDate "2009.11.30"]
[SourceQuality "1"]

1. e4 e5 2. Nf3 Nc6 3. Bb5 a6 4. Ba4 b5 5. Bb3 d6 6. O-O Bg4 7. Nc3 Nd4 8. d3 Nxf3+ 9. gxf3 Bh3 10. Re1 Qf6 11. Kh1 Qh4 12. Qe2 c6 13. f4 Nf6 14. f3 Nh5 15. fxe5 Nf4 16. Bxf4 Qxf4 17. exd6 Bxd6 18. e5 Be7 19. e6 fxe6 20. Rg1 Qf6 21. Rae1 Rf8 22. Rg3 Bf5 23. Bxe6 Bxe6 24. Qxe6 Qxe6 25. Rxe6 Kd7 26. Re1 g6 27. Kg2 Bh4 28. Re4 Bxg3 29. hxg3 Rae8 30. a4 Rxe4 31. Nxe4 bxa4 32. Nc5+ Kd6 33. Nxa4 Re8 34. Kf2 h5 35. b4 Kd5 36. c3 g5 37. Nb6+ Kd6 38. Nc4+ Kc7 39. Ne3 h4 40. gxh4 gxh4 41. Ng4 Kd6 42. f4 Rg8 43. Kf3 h3 44. Nf2 h2 45. f5 Ke7 46. d4 Rg1 47. Ke4 Rf1 0-1

[Event "Quebec-ch qual."]
[Site "Gatineau CAN"]
[Date "2009.03.17"]
[Round "2"]
[White "Pilon, Robert"]
[Black "Berthiaume, Serge"]
[Result "0-1"]
[WhiteElo "1462"]
[BlackElo "1299"]
[PlyCount "66"]
[GameId "2160767910239811"]
[EventDate "2009.03.10"]
[EventType "swiss"]
[EventRounds "5"]
[EventCountry "CAN"]
[SourceTitle "EXT 2010"]
[Source "ChessBase"]
[SourceDate "2009.11.30"]
[SourceVersion "1"]
[SourceVersionDate "2009.11.30"]
[SourceQuality "1"]

1. d4 d5 2. Nf3 Nf6 3. h3 c5 4. c3 Nc6 5. Bf4 e6 6. e3 Nh5 7. Bh2 Bd6 8. Ne5 g6 9. Be2 Nxe5 10. dxe5 Bc7 11. Bxh5 gxh5 12. Qxh5 Qd7 13. O-O Qb5 14. a4 Qxb2 15. Na3 Qxc3 16. Nb5 Qa5 17. Bf4 Bd7 18. Rfb1 Bc6 19. Nd6+ Bxd6 20. exd6 Qd8 21. Be5 Rg8 22. Qxh7 Qg5 23. Bg3 a6 24. Ra3 Qg6 25. Qh4 Qxb1+ 26. Kh2 Kf8 27. Qe7+ Kg7 28. Be5+ Kh6 29. e4 Rxg2+ 30. Kxg2 Qxe4+ 31. Kf1 Qb1+ 32. Kg2 d4+ 33. Kg3 Rg8+ 0-1

[Event "Quebec-ch qual."]
[Site "Gatineau CAN"]
[Date "2009.03.17"]
[Round "2"]
[White "Rainey, Ivan"]
[Black "Berthiaume, Patrick"]
[Result "1-0"]
[WhiteElo "1403"]
[BlackElo "1241"]
[PlyCount "61"]
[GameId "2160767910239812"]
[EventDate "2009.03.10"]
[EventType "swiss"]
[EventRounds "5"]
[EventCountry "CAN"]
[SourceTitle "EXT 2010"]
[Source "ChessBase"]
[SourceDate "2009.11.30"]
[SourceVersion "1"]
[SourceVersionDate "2009.11.30"]
[SourceQuality "1"]

1. d4 Nf6 2. c4 e6 3. Nf3 d5 4. e3 Bb4+ 5. Bd2 Bxd2+ 6. Nbxd2 Bd7 7. Bd3 Nc6 8. Qc2 a5 9. Ne5 Nb4 10. Qb3 Nxd3+ 11. Nxd3 b6 12. cxd5 exd5 13. Nf3 O-O 14. Nfe5 Re8 15. Rc1 Rc8 16. Nf4 Be6 17. Nc6 Qd7 18. O-O g5 19. Ne2 Ne4 20. Qd1 Bf5 21. Ne5 Qe7 22. Nc3 f6 23. Nf3 Nxc3 24. Rxc3 Red8 25. h3 c5 26. dxc5 Rxc5 27. Qd2 Rxc3 28. Qxc3 Rc8 29. Qb3 Qd6 30. Rd1 Rc4 31. Qxc4 1-0

[Event "Quebec-ch qual."]
[Site "Gatineau CAN"]
[Date "2009.03.17"]
[Round "2"]
[White "Scantland, Patrick"]
[Black "Desjardins, Michel"]
[Result "0-1"]
[WhiteElo "1728"]
[BlackElo "1989"]
[PlyCount "58"]
[GameId "2160767910239813"]
[EventDate "2009.03.10"]
[EventType "swiss"]
[EventRounds "5"]
[EventCountry "CAN"]
[SourceTitle "EXT 2010"]
[Source "ChessBase"]
[SourceDate "2009.11.30"]
[SourceVersion "1"]
[SourceVersionDate "2009.11.30"]
[SourceQuality "1"]

1. Nf3 d5 2. d4 c6 3. g3 Bg4 4. Bg2 Nd7 5. c3 Ngf6 6. Qb3 Qb6 7. Nbd2 e6 8. h3 Bh5 9. a4 a5 10. Ne5 Qxb3 11. Nxb3 Nxe5 12. dxe5 Nd7 13. f4 Bg6 14. Be3 Be7 15. O-O h6 16. Rac1 Bh7 17. c4 O-O 18. cxd5 exd5 19. Bd2 Bb4 20. Rfd1 Nb6 21. Bxb4 axb4 22. Nc5 Nxa4 23. Nxb7 Nxb2 24. Rd4 Nc4 25. e4 b3 26. exd5 b2 27. Rdxc4 Ra1 28. Kh2 cxd5 29. Rc8 Rxc1 0-1

[Event "Quebec-ch qual."]
[Site "Gatineau CAN"]
[Date "2009.03.17"]
[Round "2"]
[White "Thibault, Mario"]
[Black "Groleau, Gilles"]
[Result "0-1"]
[WhiteElo "1660"]
[BlackElo "1907"]
[PlyCount "72"]
[GameId "2160767910239814"]
[EventDate "2009.03.10"]
[EventType "swiss"]
[EventRounds "5"]
[EventCountry "CAN"]
[SourceTitle "EXT 2010"]
[Source "ChessBase"]
[SourceDate "2009.11.30"]
[SourceVersion "1"]
[SourceVersionDate "2009.11.30"]
[SourceQuality "1"]

1. e4 c5 2. Nf3 e6 3. d3 d5 4. Nbd2 Nc6 5. g3 Nf6 6. Bg2 Be7 7. O-O O-O 8. e5 Nd7 9. Re1 b5 10. Nf1 a5 11. h4 Bb7 12. N1h2 c4 13. d4 b4 14. c3 a4 15. Ng5 h6 16. Ngf3 a3 17. bxa3 bxc3 18. Re3 Bxa3 19. Bxa3 Rxa3 20. Rc1 Qa5 21. Qe1 Rxa2 22. Rexc3 Ba6 23. Qe3 Rb8 24. h5 Rbb2 25. Ng4 Re2 26. Qf4 Qd8 27. Nxh6+ gxh6 28. Qxh6 Qf8 29. Qg5+ Qg7 30. Qh4 Rxf2 31. Bh3 Nf8 32. Ng5 Nxd4 33. Rf1 Rxf1+ 34. Bxf1 Qxe5 35. Qg4 f5 36. Qh4 Ne2+ 0-1

[Event "Quebec-ch qual."]
[Site "Gatineau CAN"]
[Date "2009.03.24"]
[Round "3"]
[White "Beriault, Silvain"]
[Black "Arsenault, Yves"]
[Result "1-0"]
[WhiteElo "1694"]
[BlackElo "1386"]
[PlyCount "119"]
[GameId "2160767910239817"]
[EventDate "2009.03.10"]
[EventType "swiss"]
[EventRounds "5"]
[EventCountry "CAN"]
[SourceTitle "EXT 2010"]
[Source "ChessBase"]
[SourceDate "2009.11.30"]
[SourceVersion "1"]
[SourceVersionDate "2009.11.30"]
[SourceQuality "1"]

1. d4 e6 2. c4 Nf6 3. Nf3 Nc6 4. Nc3 d5 5. Bg5 Be7 6. e3 O-O 7. a3 b6 8. b4 Bb7 9. Rc1 Re8 10. cxd5 exd5 11. Bb5 a5 12. Ne5 Qd6 13. Nxc6 Bxc6 14. Bxc6 Qxc6 15. Ne4 Qb5 16. Nxf6+ gxf6 17. Bh6 Kh8 18. Qh5 Qd7 19. Rb1 f5 20. O-O Bf6 21. b5 Re4 22. Bf4 Rg8 23. Bg3 Rg5 24. Qf3 Be7 25. a4 Bd6 26. Bxd6 Qxd6 27. g3 Qh6 28. Kg2 Qe6 29. Qd1 Rh4 30. Kh1 Rh3 31. Kg2 Rgh5 32. Rh1 Qe4+ 33. Kg1 Qe6 34. Qc2 Qh6 35. Qxc7 Rxh2 36. Rxh2 Rxh2 37. Qe5+ Kg8 38. Qxd5 Rh5 39. Rc1 f4 40. Qa8+ Kg7 41. Rc8 Qf6 42. Rg8+ Kh6 43. Qc6 Rf5 44. Qxf6+ Rxf6 45. gxf4 Rd6 46. Rc8 Rd7 47. Rc6+ Kg7 48. Rxb6 h5 49. Rc6 h4 50. Rc5 Kg6 51. b6 Rb7 52. Rb5 f5 53. Kh2 Kh5 54. Kh3 Kg6 55. Kxh4 Kf6 56. Kg3 Ke6 57. f3 Kd6 58. Rxf5 Ke6 59. Rb5 Kd6 60. e4 1-0